<?xml version="1.0" encoding="UTF-8"?>
<record
    xmlns:xsi="http://www.w3.org/2001/XMLSchema-instance"
    xsi:schemaLocation="http://www.loc.gov/MARC21/slim http://www.loc.gov/standards/marcxml/schema/MARC21slim.xsd"
    xmlns="http://www.loc.gov/MARC21/slim">

  <leader>00598nam a22001577a 4500</leader>
  <controlfield tag="003">OSt</controlfield>
  <controlfield tag="005">20240418164210.0</controlfield>
  <controlfield tag="008">240418b        |||||||| |||| 00| 0 eng d</controlfield>
  <datafield tag="040" ind1=" " ind2=" ">
    <subfield code="c">MRSPTU</subfield>
  </datafield>
  <datafield tag="100" ind1=" " ind2=" ">
    <subfield code="a">Jaspal, Partap Singh (&#xA1C;&#xA38;&#xA2A;&#xA3E;&#xA32;, &#xA2A;&#xA4D;&#xA30;&#xA24;&#xA3E;&#xA2A; &#xA38;&#xA3F;&#xA70;&#xA18;)</subfield>
  </datafield>
  <datafield tag="245" ind1=" " ind2=" ">
    <subfield code="a">Samast ILahi Jot Baba Nand Singh Ji Maharaj of Kaeran (&#xA38;&#xA2E;&#xA71;&#xA38;&#xA24; &#xA07;&#xA32;&#xA3E;&#xA39;&#xA40; &#xA1C;&#xA4B;&#xA24; &#xA2C;&#xA3E;&#xA2C;&#xA3E; &#xA28;&#xA70;&#xA26; &#xA38;&#xA3F;&#xA70;&#xA18; &#xA1C;&#xA40; &#xA2E;&#xA39;&#xA3E;&#xA30;&#xA3E;&#xA1C; (&#xA15;&#xA32;&#xA47;&#xA30;&#xA3E; &#xA35;&#xA3E;&#xA32;&#xA47;))</subfield>
  </datafield>
  <datafield tag="250" ind1=" " ind2=" ">
    <subfield code="a">1st</subfield>
  </datafield>
  <datafield tag="260" ind1=" " ind2=" ">
    <subfield code="a">New Delhi</subfield>
    <subfield code="b">Reliance Publishing House </subfield>
    <subfield code="c">2005</subfield>
  </datafield>
  <datafield tag="300" ind1=" " ind2=" ">
    <subfield code="a">196</subfield>
  </datafield>
  <datafield tag="942" ind1=" " ind2=" ">
    <subfield code="2">ddc</subfield>
    <subfield code="c">BK</subfield>
    <subfield code="n">0</subfield>
  </datafield>
  <datafield tag="952" ind1=" " ind2=" ">
    <subfield code="0">0</subfield>
    <subfield code="1">0</subfield>
    <subfield code="2">ddc</subfield>
    <subfield code="4">0</subfield>
    <subfield code="7">0</subfield>
    <subfield code="8">BK</subfield>
    <subfield code="a">MCL</subfield>
    <subfield code="b">MCL</subfield>
    <subfield code="d">2024-04-18</subfield>
    <subfield code="l">0</subfield>
    <subfield code="p">G-269</subfield>
    <subfield code="r">2024-04-18 16:42:28</subfield>
    <subfield code="w">2024-04-18</subfield>
    <subfield code="y">BK</subfield>
  </datafield>
  <datafield tag="999" ind1=" " ind2=" ">
    <subfield code="c">10102</subfield>
    <subfield code="d">10102</subfield>
  </datafield>
</record>
